|
|
|
|
| LEADER |
01093nam a22002297a 4500 |
| 003 |
GR-PaULI |
| 005 |
20220114133605.0 |
| 007 |
ta |
| 008 |
220114r1992 gr ||||f |||| 00| 0 gre d |
| 952 |
|
|
|0 0
|1 0
|2 nlm
|4 0
|6 WS_130_ΣΙΝ
|7 1
|9 354393
|a MEDI
|b MEDI
|c DON
|d 2022-01-14
|i 3629
|l 0
|o WS 130 ΣΙΝ
|p 025000176512
|r 2022-01-14 00:00:00
|t 1
|w 2022-01-14
|y BKN
|z Δωρεά Π. Πολίτη (υπόγειο)
|
| 999 |
|
|
|c 207775
|d 207775
|
| 040 |
|
|
|a GR-PaULI
|b gre
|c GR-PaULI
|e AACR2
|
| 060 |
|
|
|a WS 130
|
| 100 |
1 |
|
|9 39691
|a Σινανιώτης, Κ.
|e επιμελητής
|
| 245 |
1 |
0 |
|a Διατροφή βρέφους και παιδιού /
|c επιμέλεια έκδοσης Κ. Σινανιώτης, Ν. Μυριοκεφαλιτάκης.
|
| 260 |
|
|
|a Αθήνα :
|b Β' Παιδιατρική Κλινική Αθηνών,
|c 1992.
|
| 300 |
|
|
|a 186 σ. ;
|c 24 εκ.
|
| 504 |
|
|
|6 Περιλαμβάνει βιβλιογραφία.
|
| 650 |
|
4 |
|9 17779
|a Παιδιά
|x Διατροφή
|
| 700 |
1 |
|
|9 39690
|a Μυριοκεφαλιτάκης, Ν.
|e επιμελητής
|
| 942 |
|
|
|2 nlm
|c BKN
|
| 998 |
|
|
|c ΜΑΝΙΑΚΗ
|d 2022
|